| 000 | 00586nam a2200217 i 4500 | ||
|---|---|---|---|
| 001 | 88433 | ||
| 003 | ES-MaACL | ||
| 005 | 20230906175847.0 | ||
| 007 | t| | ||
| 008 | 050104s1975 sp ||||1| spa d | ||
| 020 | _a84-7388-005-6 | ||
| 100 | 1 |
_aLandi, Margarita. _969953 |
|
| 245 | 1 | 0 |
_aPuerta del Sol 2 1/2 / _cMargarita Landi. |
| 260 |
_a[Madrid] : _bA. Q., _c1975. |
||
| 300 |
_a229 p., 24 lám. ; _c22 cm. |
||
| 490 | 1 |
_aDenuncia ; _v3 |
|
| 650 | 0 | 0 |
_aTerrorismo- _zMadrid. _917499 |
| 830 | 1 |
_aDenuncia ; _v3 _9231830 |
|
| 852 |
_aES-MaACL _jE-7071 |
||
| 999 |
_c88433 _d88433 |
||